Japanese patterns = (Record no. 13518)

MARC details
000 -CABECERA
campo de control de longitud fija 00940nam a2200289 4500
003 - IDENTIFICADOR DEL NÚMERO DE CONTROL
campo de control OSt
005 - FECHA Y HORA DE LA ÚLTIMA TRANSACCIÓN
campo de control 20260530115314.0
008 - DATOS DE LONGITUD FIJA--INFORMACIÓN GENERAL
campo de control de longitud fija 260421b2009 xxua|||| |||| 00| 0 eng d
020 ## - NÚMERO INTERNACIONAL ESTÁNDAR DEL LIBRO
Número Internacional Estándar del Libro 9789057680205 (rústica)
040 ## - FUENTE DE LA CATALOGACIÓN
Centro catalogador/agencia de origen ICI
Lengua de catalogación spa
Centro/agencia transcriptor ICI
041 0# - CÓDIGO DE LENGUA
Código de lengua del texto/banda sonora o título independiente eng
041 0# - CÓDIGO DE LENGUA
Código de lengua del texto/banda sonora o título independiente mul
050 #4 - SIGNATURA TOPOGRÁFICA DE LA BIBLIOTECA DEL CONGRESO
Número de clasificación NC710
Número de documento/Ítem J36
100 ## - ENTRADA PRINCIPAL--NOMBRE DE PERSONA
Término indicativo de función/relación autor
245 ## - MENCIÓN DE TÍTULO
Título Japanese patterns =
Resto del título Motifs Japonais = Motivos Japoneses /
Mención de responsabilidad, etc. concept & series editor, Pepin van Rooje
246 30 - FORMA VARIANTE DE TÍTULO
Título propio/Titulo breve Motifs Japonais
246 30 - FORMA VARIANTE DE TÍTULO
Título propio/Titulo breve Motivos Japoneses
264 #1 - PRODUCCIÓN, PUBLICACIÓN, DISTRIBUCIÓN, FABRICACIÓN Y COPYRIGHT
Producción, publicación, distribución, fabricación y copyright Amsterdam :
Nombre del de productor, editor, distribuidor, fabricante Pepin /Agile Rabit,
Fecha de producción, publicación, distribución, fabricación o copyright c2009
300 ## - DESCRIPCIÓN FÍSICA
Extensión 168 páginas :
Otras características físicas ilustraciones
336 ## - TIPO DE CONTENIDO
Fuente rdacontent
Término de tipo de contenido texto
337 ## - TIPO DE MEDIO
Fuente rdamedia
Nombre/término del tipo de medio sin medio
338 ## - TIPO DE SOPORTE
Fuente rdacarrier
Nombre/término del tipo de soporte volumen
500 ## - NOTA GENERAL
Nota general Títulos e introducción en inglés, alemán, francés, español, italiano, chino y japonés
650 #4 - PUNTO DE ACCESO ADICIONAL DE MATERIA--TÉRMINO DE MATERIA
Fuente del encabezamiento o término Artes gráficas
Subdivisión general Diseño
Subdivisión geográfica Japón
9 (RLIN) 33364
700 1# - PUNTO DE ACCESO ADICIONAL--NOMBRE DE PERSONA
Nombre de persona Roojen, Pepin van,
Término indicativo de función/relación editor
942 ## - ELEMENTOS DE PUNTO DE ACCESO ADICIONAL (KOHA)
Fuente del sistema de clasificación o colocación Library of Congress Classification
Suprimir en OPAC 0
Tipo de ítem Koha

No items available.